| 000 | 00547cam a2200169 4500500 | ||
|---|---|---|---|
| 005 | 20260329001745.0 | ||
| 041 | _afre | ||
| 042 | _adc | ||
| 100 | 1 | 0 |
_aChapuis, Émilie _eauthor |
| 245 | 0 | 0 | _aPortraits de philosophes : Edition bilingue grec-français |
| 260 | _c2009. | ||
| 500 | _a41 | ||
| 690 | _aGrèce | ||
| 690 | _aPhilosophie antique | ||
| 786 | 0 | _nPhilosophie magazine | 27 | 3 | 2009-03-01 | p. 40-40 | 1951-1787 | |
| 856 | 4 | 1 | _uhttps://shs.cairn.info/magazine-philosophie-magazine-2009-3-page-40?lang=fr&redirect-ssocas=7080 |
| 999 |
_c1808330 _d1808330 |
||